|
|
|
|
| LEADER |
00000naa2a2200000 4500 |
| 001 |
402246 |
| 005 |
20231101065705.0 |
| 035 |
|
|
|a (RuTPU)RU\TPU\prd\47095
|
| 090 |
|
|
|a 402246
|
| 100 |
|
|
|a 20061020a2006 k y0rusy50 ca
|
| 101 |
0 |
|
|a rus
|
| 102 |
|
|
|a RU
|
| 200 |
1 |
|
|a Неразрушающий контроль сварных соединений внутреннего резервуара изотермического хранилища жидкого аммиака в "Северодонецком объединении Азот"
|f В. А. Троицкий [и др.]
|
| 225 |
1 |
|
|a Неразрушающий контроль
|
| 320 |
|
|
|a Библиогр.: 18 назв.
|
| 461 |
|
0 |
|0 (RuTPU)RU\TPU\prd\1736
|x 0235-3474
|t Техническая диагностика и неразрушающий контроль
|o научно-технический и производственный журнал
|f Национальная академия наук Украины (НАНУ), Институт электросварки им. Е. О. Патона (ИЭС) ; Международная ассоциация "Сварка"
|d 1990-1993, 2001-
|
| 463 |
|
0 |
|0 (RuTPU)RU\TPU\prd\46492
|t № 3
|v С. 27-33
|d 2006
|
| 610 |
1 |
|
|a неразрушающий контроль
|
| 610 |
1 |
|
|a сварные соединения
|
| 610 |
1 |
|
|a жидкий аммиак
|
| 610 |
1 |
|
|a изотермические хранилища
|
| 610 |
1 |
|
|a внутренние резервуары
|
| 610 |
1 |
|
|a технические освидетельствования
|
| 610 |
1 |
|
|a визуально-оптический контроль
|
| 610 |
1 |
|
|a неровности
|
| 610 |
1 |
|
|a выявление
|
| 610 |
1 |
|
|a ультразвуковой контроль
|
| 610 |
1 |
|
|a магнитопорошковые методы
|
| 610 |
1 |
|
|a капиллярные методы
|
| 610 |
1 |
|
|a механические характеристики металла
|
| 610 |
1 |
|
|a металлографические исследования
|
| 610 |
1 |
|
|a химический анализ
|
| 675 |
|
|
|a 621.120.45
|v 3
|
| 701 |
|
1 |
|a Троицкий
|b В. А.
|
| 701 |
|
1 |
|a Посыпайко
|b Ю. Н.
|
| 701 |
|
1 |
|a Шевченко
|b И. Я.
|
| 701 |
|
1 |
|a Кармазин
|b В. И.
|
| 701 |
|
1 |
|a Костенко
|b Г. Е.
|
| 701 |
|
1 |
|a Лазаренко
|b А. И.
|
| 801 |
|
1 |
|a RU
|b 63413507
|c 20061020
|g PSBO
|
| 801 |
|
2 |
|a RU
|b 63413507
|c 20140128
|g RCR
|
| 942 |
|
|
|c BK
|